000 00490 a2200193 4500
005 20250624131141.0
020 _a978-1-119-15215-6
082 _a653.11 BAR
100 _aBARROW, C
245 _aStarting & Running a Business: All in One
250 _a3rd Ed.
260 _aWest Sussex
_bJohn Wiley & Sons Ltd.
_c2017.
300 _axxii, 659p.
_bIndex
_c23cm
700 _aPaul Barrow
700 _aGreg Brooks
700 _aBen Carter
700 _aFrank Catalano
942 _2ddc
_cBKS
999 _c4865
_d4865